Catalysis and automotive pollution control III : proceedings of the Third International Symposium (CAPoC 3), Brussels, Belgium, April 20-22, 1994 /
Guardado en:
| Autor Corporativo: | |
|---|---|
| Otros Autores: | , |
| Formato: | Libro |
| Idioma: | English |
| Publicado: |
Amsterdam :
Elsevier,
1995.
|
| Series: | Studies in surface science and catalysis ;
96 |
| Materias: | |
| Etiquetas: |
Agregar Etiqueta
Sin Etiquetas, Sea el primero en etiquetar este registro!
|
| LEADER | 01189pam a22002895a 4500 | ||
|---|---|---|---|
| 001 | EIQ.libpla000737 | ||
| 008 | 950913s1995####ne#ao####b####101#0#eng#d | ||
| 005 | 20060504140841.0 | ||
| 245 | 1 | 0 | |a Catalysis and automotive pollution control III : |b proceedings of the Third International Symposium (CAPoC 3), Brussels, Belgium, April 20-22, 1994 / |c editors, A. Frennet and J.-M. Bastin. |
| 260 | |a Amsterdam : |b Elsevier, |c 1995. | ||
| 300 | |a xvii, 940 p. : |b il., fotos ; |c 25 cm. | ||
| 440 | 0 | |a Studies in surface science and catalysis ; |v 96 | |
| 504 | |a Incluye referencias bibliográficas e índice. | ||
| 020 | |a 0444820191 (acid-free) | ||
| 111 | 2 | |a CAPOC |n (3rd : |d 1994 : |c Brussels, Belgium) | |
| 700 | 1 | |a Frennet, A. |q (Alfred), |d 1930-, |e ed. |4 edt | |
| 700 | 1 | |a Bastin, J. M., |e ed. |4 edt | |
| 082 | 0 | 0 | |a 629.25/28 |2 20 |
| 650 | 4 | |a Automóviles |x Convertidores catalíticos. | |
| 650 | 4 | |a Automóviles |x Gas de escape. | |
| 650 | 4 | |a Catálisis |x Congresos. | |
| 650 | 4 | |a Automobiles |x Catalytic converters. | |
| 650 | 0 | |a Catalysis |x Congresses. | |
| 650 | 0 | |a Automobiles |x Exhaust gas. | |
| 010 | |a 95041568 | ||
| 040 | |a DLC |c DLC |d AR-BbSID | ||
| 859 | |a AR-BbSID |b BIB. PLAPIQUI |h 541.395 |i S 1 |p 4395 | ||
